000 00823nam a22002057a 4500
999 _c18857
_d18857
003 AR-CdUCM
008 190515b ||||| |||| 00| 0 spa d
040 _aMUNICIPALIDAD PROVINCIAL DEL CUSCO
_cBIBLIOTECA MUNICIPAL DEL CUSCO
082 _a860.7 /
_bR17
_24ed.
100 _aRagucci, Rodolfo.
_915947
245 _aLetras castellanas :
_bLecciones de historia literaria española, desde los orígenes hasta nuestros día, con un apéndice sobre escritores argentinos /
260 _aBuenos Aires :
_bSociedad editora internacional,
300 _a805 páginas ;
_c24 cm.
505 _aContenido : Conforme a los programas escolares argentinos.
650 _aLiteratura española.
_9362
650 _aTextos escolares.
_94527
650 _aLiteratura argentina.
_984
942 _2ddc
_cLIBROS
945 _arum
_d2019-05-15